| 000 | 01065nam0a2200289 4500 | ||
|---|---|---|---|
| 001 | RU\NLR\bibl\1276062 | ||
| 005 | 20260405153214.0 | ||
| 010 |
_a978-5-17-045518-8 _bАСТ |
||
| 010 |
_a978-5-217-17539-8 _97000 _bАстрель |
||
| 021 |
_aRU _b2008-59470 _93325 |
||
| 035 | _a(NLR Aleph) 001261887 | ||
| 090 |
_a384361 _c384361 |
||
| 100 | _a20080922d2007 |||y0rusy50 ca | ||
| 101 | 1 |
_arus _cjpn |
|
| 102 | _aRU | ||
| 105 | _aa z ||||| | ||
| 200 | 1 |
_aСакура _e[сборник _fсост.: В.Р. Бычкова _fил.: Кузнецов Андрей] |
|
| 210 |
_aМосква _cАСТ _cАстрель _d2007 |
||
| 215 |
_a[95] с. _cцв. ил. _d17 |
||
| 686 | _aШ6(5Я)07-5я43{Лх2310сб} | ||
| 702 | 1 |
_aБычкова _bВ. Р. _4220 |
|
| 702 | 1 |
_4040 _8rus _7ca _aКузнецов _bА. М. _cхудожник-иллюстратор _f1961- _gАндрей Михайлович _3RU\NLR\AUTH\7764220 _947149 |
|
| 801 | 0 |
_aRU _bNLR _c20080922 _gRCR |
|
| 801 | 1 |
_aRU _bNLR _c20080922 |
|
| 942 | _cBOOK | ||
| 980 | _aNB | ||